000 00720nam a2200217Ia 4500
003 BUBTL
008 151213s9999 xx 000 0 und d
020 _a0-07-463558-1
082 _a004CUI
100 _aCurtin, Dennis P.
_92030
245 _aInformation technology; the Breaking Wave
_cDennis P. Curtin, Kim Foley and Kunal Sen and Cathleen Morin
260 _aNew Delhi
_bTata Mc Graw Hill
_c1998
300 _a[xx] , 300p . :
_bill , Graph ; 22cm .
_cComputer .
500 _aIncludes Index .
650 _aComputer
650 _aComputer
700 _aDennis P. Curtin, Kim Foley and Kunal Sen and Cathleen Morin
_92031
856 _k0
_l0
_yDownload
942 _2ddc
_cBK
999 _c1745
_d1745